The Less You Preach The More You Learn Aphorisms for Our Age (Record no. 41468)

MARC details
000 -LEADER
fixed length control field 00404nam a2200133Ia 4500
008 - FIXED-LENGTH DATA ELEMENTS--GENERAL INFORMATION
fixed length control field 240719s9999 xx 000 0 und d
041 ## - LANGUAGE CODE
Language code of text/sound track or separate title eng
082 ## - DEWEY DECIMAL CLASSIFICATION NUMBER
Classification number 828 THA
100 ## - MAIN ENTRY--PERSONAL NAME
Personal name Tharoor Shashi
245 ## - TITLE STATEMENT
Title The Less You Preach The More You Learn Aphorisms for Our Age
260 ## - PUBLICATION, DISTRIBUTION, ETC.
Place of publication, distribution, etc. New Dehli
Name of publisher, distributor, etc. Rupa Publication India
Date of publication, distribution, etc. 2023
300 ## - PHYSICAL DESCRIPTION
Extent 182.; P. 22 cm
520 ## - SUMMARY, ETC.
Summary, etc. Faculty Purchase By Dr. Jitendra Sharma
Holdings
Withdrawn status Lost status Damaged status Not for loan Home library Current library Shelving location Date acquired Source of acquisition Cost, normal purchase price Total Checkouts Full call number Barcode Date last seen Date last checked out Price effective from Koha item type
        IMTN IMTN Rack 43-A 11/12/2023 Amazon 394.00 3 828 THA 33163 10/13/2025 10/12/2025 10/15/2023 Books
Designed & Maintained by: LRC IMT Nagpur Contact: lrc@imtnag.ac.in© 2024. All Rights Reserved.